000 00368pab a2200157 454500
008 180718b2014 xxu||||| |||| 00| 0 eng d
100 _aDesai, Mihir
245 _aA combative hero: Mukul Sinha
260 _c2014
300 _ap.29-30.
362 _a7 Jun
650 _aSinha, Mukul
773 _aEconomic and Political Weekly
908 _aN
909 _a104409
999 _c104405
_d104405